| 000 | 00533 a2200193 4500 | ||
|---|---|---|---|
| 020 | _a0198501773 | ||
| 020 | _a0198501765 | ||
| 035 | _a(OCoLC)ocm44602993 | ||
| 040 |
_aDLC _bDLC |
||
| 082 | 0 | 0 | _a535.15 |
| 100 | 1 | _aLoudon, Rodney. | |
| 245 | 1 | 4 |
_aThe quantum theory of light _cRodney Loudon |
| 250 | _a3rd ed. | ||
| 260 |
_aOxford ; _aNew York : _bOxford University Press, _c2000. |
||
| 300 |
_aix, 438 p. : _bill. ; _c24 cm. |
||
| 440 | 0 | _aOxford science publications | |
| 650 | 0 | _aQuantum optics. | |
| 942 |
_cBK _k535.15 LOU _2ddc |
||
| 999 |
_c7739 _d7739 |
||